<?xml version="1.0" encoding="UTF-8"?><?xml-stylesheet type="text/xsl" href="static/style.xsl"?><OAI-PMH xmlns="http://www.openarchives.org/OAI/2.0/" xmlns:xsi="http://www.w3.org/2001/XMLSchema-instance" xsi:schemaLocation="http://www.openarchives.org/OAI/2.0/ http://www.openarchives.org/OAI/2.0/OAI-PMH.xsd"><responseDate>2026-04-17T06:02:57Z</responseDate><request verb="GetRecord" identifier="oai:www.recercat.cat:2099.1/13866" metadataPrefix="marc">https://recercat.cat/oai/request</request><GetRecord><record><header><identifier>oai:recercat.cat:2099.1/13866</identifier><datestamp>2025-07-23T04:27:01Z</datestamp><setSpec>com_2072_1033</setSpec><setSpec>col_2072_452951</setSpec></header><metadata><record xmlns="http://www.loc.gov/MARC21/slim" xmlns:dcterms="http://purl.org/dc/terms/" xmlns:xsi="http://www.w3.org/2001/XMLSchema-instance" xmlns:doc="http://www.lyncode.com/xoai" xsi:schemaLocation="http://www.loc.gov/MARC21/slim http://www.loc.gov/standards/marcxml/schema/MARC21slim.xsd">
   <leader>00925njm 22002777a 4500</leader>
   <datafield ind2=" " ind1=" " tag="042">
      <subfield code="a">dc</subfield>
   </datafield>
   <datafield ind2=" " ind1=" " tag="720">
      <subfield code="a">Romero López, Xavier</subfield>
      <subfield code="e">author</subfield>
   </datafield>
   <datafield ind2=" " ind1=" " tag="260">
      <subfield code="c">2011-10</subfield>
   </datafield>
   <datafield ind2=" " ind1=" " tag="520">
      <subfield code="a">La realización de este proyecto sintetizará y agrupará los riesgos laborales de&#xd;
cada tipo de estructura citadas para este estudio, estructura de hormigón&#xd;
armado, metálica y de madera. En base a esto se propondrán una serie de&#xd;
medidas adecuadas, ya sean de protección colectiva y/o individual o&#xd;
medidas de prevención.&#xd;
El estudio de los diferentes tipos de estructuras abarca una investigación previa&#xd;
de los diferentes tipos de trabajos, donde se analizan minuciosamente las&#xd;
actividades que se desarrollan durante esta fase y los riesgos específicos a que&#xd;
están sometidos durante la ejecución de los trabajos.&#xd;
En base a esto, el documento queda elaborado en 3 fases bien diferenciadas&#xd;
para cada uno de los 3 tipos de estructuras:&#xd;
 La primera, sobre el proceso constructivo según tipo de estructura,&#xd;
contiene la descripción del mismo, además de una reseña al tipo de&#xd;
material empleado y sus características principales, las tipologías de&#xd;
cada trabajo y sus posibles herramientas, maquinaria y elementos&#xd;
auxiliares a utilizar en la obra.&#xd;
 La segunda fase, elaborada sobre la identificación de los riesgos para&#xd;
cada tipo de trabajo que contiene dicha fase de estructuras,&#xd;
elaborada a partir de unos cuadros para cada etapa con las&#xd;
descripciones de dichos riesgos, además de la investigación minuciosa&#xd;
de todas sus posibles causas para cada uno.&#xd;
 La tercera y última parte, objetivo principal de este proyecto, se elabora&#xd;
un compendio de medidas preventivas y correctoras para la seguridad&#xd;
y salud laboral a través de fichas independientes para cada tipo de&#xd;
estructuras, donde se recogen, por un lado las medidas preventivas en&#xd;
tres apartados, seguridad, ergonomía y organización preventiva, y por&#xd;
otro lado las medidas correctoras asociadas a la protección colectiva y&#xd;
protección individual.</subfield>
   </datafield>
   <datafield tag="653" ind2=" " ind1=" ">
      <subfield code="a">Àrees temàtiques de la UPC::Edificació::Seguretat en la construcció</subfield>
   </datafield>
   <datafield tag="653" ind2=" " ind1=" ">
      <subfield code="a">Industrial safety</subfield>
   </datafield>
   <datafield tag="653" ind2=" " ind1=" ">
      <subfield code="a">Mesures de seguretat</subfield>
   </datafield>
   <datafield tag="653" ind2=" " ind1=" ">
      <subfield code="a">Seguretat en el treball -- PFG</subfield>
   </datafield>
   <datafield ind2="0" ind1="0" tag="245">
      <subfield code="a">Estudio de prevención de riesgos laborales para una obra de edificación en fase de estructuras</subfield>
   </datafield>
</record></metadata></record></GetRecord></OAI-PMH>